|
|
|
|
| LEADER |
00617nam a22001697a 4500 |
| 005 |
20151026130043.0 |
| 008 |
090822t xxu||||| |||| 00| 0 eng d |
| 080 |
|
|
|a 551.46(035)
|b KEN
|
| 100 |
|
|
|a Kennish, Michael J. [ed.]
|e ed.by
|9 3097
|
| 245 |
|
|
|a Practical handbook of marine science
|
| 300 |
|
|
|a 710p.
|
| 653 |
|
|
|a Oceanography- hand books manuals etc;
|a Marine biology-hand book -manuals etc;
|
| 942 |
|
|
|c REF
|6 _
|
| 260 |
|
|
|a Boca Raton
|b CRC
|c 1990
|9 3098
|
| 020 |
|
|
|a 0-8493-3700-3
|
| 999 |
|
|
|c 1394
|d 1394
|
| 952 |
|
|
|0 0
|1 0
|2 udc
|4 0
|6 55146035_KEN
|7 0
|9 5336
|a UL
|b UL
|d 2009-08-22
|o 551.46(035) KEN
|p 00042794
|r 2009-08-22
|w 2009-08-22
|y REF
|